000 00288nam a2200121Ia 4500
008 191201s2006 xx 000 0 und d
100 _aGILLS, R.V.
245 0 _aFluid Mechanics and Hydraulics
260 _aN. Delhi
_bTMH
_c2006
300 _a378
650 _aB.Tech(CE)
942 _2ddc
_cBK
999 _c6530
_d6530